Viento de primavera : antología poética (1945-1979) /

Guardat en:
Dades bibliogràfiques
Autor principal: Foppa, Alaíde (Autor)
Format: Electrònic eBook
Idioma:espanyol
Publicat: Ciudad de México : Fondo de Cultura Económica, 2023.
Edició:Primera edición en libro electrónico.
Col·lecció:Poesía (Fondo de Cultura Económica (Mexico))
Matèries:
Accés en línia:Digitalia Hispánica
Etiquetes: Afegir etiqueta
Sense etiquetes, Sigues el primer a etiquetar aquest registre!

MARC

LEADER 00000nam a2200000Ii 4500
001 DIGFCE2413
003 NyNyDIG
006 m o d
007 cr |||||||||||
008 240701t20232022mx o 000 p spa d
035 |a (OCoLC)1444058420 
040 |a DGITA  |b eng  |e rda  |e pn  |c DGITA 
020 |a 9786071677235  |q (ePub) 
020 |z 9786071675644  |q (rústico) 
050 1 4 |a PQ7499.2.F62 ebook 
100 1 |a Foppa, Alaíde,  |e author. 
245 1 0 |a Viento de primavera :  |b antología poética (1945-1979) /  |c Alaíde Foppa. 
250 |a Primera edición en libro electrónico. 
264 1 |a Ciudad de México :  |b Fondo de Cultura Económica,  |c 2023. 
264 4 |c ©2022 
300 |a 1 online resource. 
336 |a text  |b txt  |2 rdacontent 
337 |a computer  |b c  |2 rdamedia 
338 |a online resource  |b cr  |2 rdacarrier 
347 |a text file  |2 rdaft 
347 |b EPUB 
490 1 |a Poesía 
588 0 |a Online resource; title from ePub title page (Digitalia, viewed July 1, 2024) 
655 7 |a Poetry.  |2 lcgft 
776 0 8 |i Print version:  |a Foppa, Alaíde.  |t Viento de primavera.  |b Primera edición.  |d Ciudad de México : Fondo de Cultura Económica, 2022  |z 9786071675644 
791 2 |a Digitalia (Firm),  |e distributor. 
793 0 |g Digitalia eBook Collection:  |a Fondo de Cultura Económica 
830 0 |a Poesía (Fondo de Cultura Económica (Mexico)) 
856 4 0 |3 Digitalia Hispánica  |u https://digitalia.unach.elogim.com/a/135068/ 
910 |a Premium collection: 2024